Tata hias pengantin & tata cara adat perkahwinan Bugis Makassar (Record no. 35332)

MARC details
000 -LEADER
fixed length control field 00729nam a2200229 i 4500
001 - CONTROL NUMBER
control field C2-0122637
003 - CONTROL NUMBER IDENTIFIER
control field PPAK
005 - DATE AND TIME OF LATEST TRANSACTION
control field 20180727113839.0
008 - FIXED-LENGTH DATA ELEMENTS--GENERAL INFORMATION
fixed length control field 970823s io |||| ||||| | may d
040 ## - CATALOGING SOURCE
Original cataloging agency PPAK
Language of cataloging eng
Transcribing agency PPAK
Description conventions rda
082 04 - DEWEY DECIMAL CLASSIFICATION NUMBER
Classification number 392.509598
Edition number 23
090 00 - LOCALLY ASSIGNED LC-TYPE CALL NUMBER (OCLC); LOCAL CALL NUMBER (RLIN)
Classification number (OCLC) (R) ; Classification number, CALL (RLIN) (NR) 392.509598
Feature heading SAP
Feature heading KIH
100 1# - MAIN ENTRY--PERSONAL NAME
Personal name Sapada, Ny. Andi Nurhani,
Relator term author
245 10 - TITLE STATEMENT
Title Tata hias pengantin & tata cara adat perkahwinan Bugis Makassar
264 #1 - PRODUCTION, PUBLICATION, DISTRIBUTION, MANUFACTURE, AND COPYRIGHT NOTICE
Place of production, publication, distribution, manufacture Ujung Pandang :
Name of producer, publisher, distributor, manufacturer Agung Lestari ,
Date of production, publication, distribution, manufacture, or copyright notice [date of publication not identified]
300 ## - PHYSICAL DESCRIPTION
Extent 80 pages ;
Dimensions 21 cm
336 ## - CONTENT TYPE
Source rdacontent
Content type term text
337 ## - MEDIA TYPE
Source rdamedia
Media type term unmediated
338 ## - CARRIER TYPE
Source rdacarrier
Carrier type term volume
650 10 - SUBJECT ADDED ENTRY--TOPICAL TERM
Topical term or geographic name entry element Marriage customs and rites, Bugis (Malay people)
942 ## - ADDED ENTRY ELEMENTS (KOHA)
-- dc
Koha item type Book
Holdings
Withdrawn Not for loan Current library Shelving location Date acquired Full call number Barcode Date last seen Koha item type
  Not For Loan Perpustakaan Alor Setar Koleksi Ismail Hussein 07/05/2008 KIH 392.509598 SAP A00171340 08/05/2018 Book
  Not For Loan Perpustakaan Alor Setar Koleksi Ismail Hussein 07/05/2008 KIH 392.509598 SAP A00172431 08/05/2018 Book
  Not For Loan Perpustakaan Alor Setar Koleksi Ismail Hussein 19/10/1999 KIH 392.509598 SAP A00172595 08/05/2018 Book